| 000 | 00862nam a2200217 a 4500 | ||
|---|---|---|---|
| 001 | 000035087 | ||
| 005 | 20260312134859.0 | ||
| 008 | 111025s1966 mx 000 e spa d | ||
| 040 |
_aDO-SdBNP _bspa _cBNPHU |
||
| 082 |
_a172 _bR695a |
||
| 100 | 1 |
_aRodó, José Enrique, _d1871-1917 _93052 |
|
| 245 | 1 | 0 |
_aAriel seguido de Liberalismo y jacobinismo / _cJosé Enrique Rodó. |
| 260 |
_aMéxico : _bLatino Americana, _c1966. |
||
| 300 |
_a180 p. ; _c21 cm. |
||
| 505 | 0 |
_aContiene: _tBreve biografía de Rodó -- _tPrólogo -- _tAriel -- _tLiberalismo y jacobinismo -- _tLa expulsión de los crucifijos -- _tContrarréplicas -- _tApéndice -- _tEl sentimiento religioso y la crítica. |
|
| 650 | 0 |
_aÉtica social _91353 |
|
| 650 | 0 |
_aDemocracia _9286 |
|
| 650 | 0 |
_aLiberalismo _95271 |
|
| 740 | 0 | 2 | _aLiberalismo y jacobinismo |
| 910 | _aValidado. Control de calidad MFF | ||
| 999 |
_c34578 _d34578 |
||